История веры и религиозных идей. От Гаутамы Будды до триумфа христианства: пер. с фр.

Podrobná bibliografie
Hlavní autor: Элиаде М. Мирча
Shrnutí:Данный труд является классическим образцом исследования в области истории религии. Религиозные идеи представлены здесь не только в хронологическом порядке, но и объединены единым пониманием многообразия религиозной жизни всех культур и континентов. Элиаде виртуозно владеет методами сравнительной антропологии и демонстрирует общие тенденции в развитии религиозных идей. Книга посвящена самому драматическому и важному периоду в мировой истории религий. Ее заголовок, естественно, не охватывает экуменической широты того материала, который изложен в книге: древний Китай и эллинистический Египет, европейские варвары (кельты и германцы) и иранский дуализм — в пятнадцати главах этой книги, кажется, уместилось все богатство религиозного развития Старого Света. Вместе с тем заголовок имеет точный смысл, передающий содержательный «стержень» книги: становление мировых религий, религий спасения. Книга дает панорамную картину религий спасения от даосизма до христианского гнозиса.
Jazyk:ruština
Vydáno: Москва, Академический проект, 2009
Edice:Философские технологии: религиоведение
Témata:
Médium: MixedMaterials Kniha
KOHA link:https://koha.lib.tpu.ru/cgi-bin/koha/opac-detail.pl?biblionumber=144750

MARC

LEADER 00000nam0a2200000 4500
001 144750
005 20231101221120.0
010 |a 9785829111403 
035 |a (RuTPU)RU\TPU\book\156880 
090 |a 144750 
100 |a 20081008d2009 km y0rusy50 ca 
101 1 |a rus  |c fre 
102 |a RU 
105 |a y z 001zy 
200 1 |a История веры и религиозных идей. От Гаутамы Будды до триумфа христианства  |e пер. с фр.  |f М. Элиаде 
210 |a Москва  |c Академический проект  |d 2009 
215 |a 676 с. 
225 1 |a Философские технологии: религиоведение 
320 |a Библиогр.: с. 469-637. 
320 |a Указатель: с. 637-655. 
330 |a Данный труд является классическим образцом исследования в области истории религии. Религиозные идеи представлены здесь не только в хронологическом порядке, но и объединены единым пониманием многообразия религиозной жизни всех культур и континентов. Элиаде виртуозно владеет методами сравнительной антропологии и демонстрирует общие тенденции в развитии религиозных идей. Книга посвящена самому драматическому и важному периоду в мировой истории религий. Ее заголовок, естественно, не охватывает экуменической широты того материала, который изложен в книге: древний Китай и эллинистический Египет, европейские варвары (кельты и германцы) и иранский дуализм — в пятнадцати главах этой книги, кажется, уместилось все богатство религиозного развития Старого Света. Вместе с тем заголовок имеет точный смысл, передающий содержательный «стержень» книги: становление мировых религий, религий спасения. Книга дает панорамную картину религий спасения от даосизма до христианского гнозиса. 
606 1 |a Религия  |x История  |2 stltpush  |3 (RuTPU)RU\TPU\subj\24950  |9 49214 
610 1 |a религиоведение 
610 1 |a религиозная вера 
610 1 |a религиозные идеи 
610 1 |a религии 
610 1 |a Древний Китай 
610 1 |a неолит 
610 1 |a даосизм 
610 1 |a конфуцианство 
610 1 |a долголетие 
610 1 |a алхимия 
610 1 |a индуизм 
610 1 |a брахманизм 
610 1 |a иога 
610 1 |a Будда 
610 1 |a буддизм 
610 1 |a буддийская философия 
610 1 |a римская религия 
610 1 |a жрецы 
610 1 |a этрусская мифология 
610 1 |a культы 
610 1 |a кельты 
610 1 |a фракийцы 
610 1 |a геты 
610 1 |a друиды 
610 1 |a боги 
610 1 |a эсхатология 
610 1 |a иудейство 
610 1 |a Тора 
610 1 |a мистерии 
610 1 |a синкретизм 
610 1 |a иранские религии 
610 1 |a христианство 
610 1 |a происхождение 
610 1 |a язычество 
610 1 |a мифология 
610 1 |a ереси 
610 1 |a ортодоксия 
610 1 |a богословие 
686 |a Э23  |v LBC/SL-A  |2 rubbk 
700 1 |a Элиаде  |b М.  |g Мирча 
801 1 |a RU  |b 63413507  |c 20081008  |g PSBO 
801 2 |a RU  |b 63413507  |c 20120420  |g RCR 
942 |c BK 
959 |a 88/20081006  |d 1  |e 250,00  |f ЧЗГЛ:1 
959 |a 111/20091027  |d 1  |e 340,00  |f ЧЗГЛ:1